Statistics for NHL Goal Scoring Leaders by Season

Click here to take the quiz!

General Stats

  • This quiz has been taken 335 times
    (109 since last reset)
  • The average score is 22 of 61

Answer Stats

Answer% Correct
Alexander Ovechkin
95%
Connor Mcdavid
95%
Wayne Gretzky
94%
Mario Lemieux
92%
Auston Matthews
88%
Sidney Crosby
83%
Maurice Richard
77%
Steven Stamkos
76%
Phil Esposito
71%
Teemu Selanne
71%
Bobby Hull
70%
Brett Hull
70%
Jari Kurri
68%
Mike Bossy
68%
David Pastrnak
65%
Gordie Howe
65%
Guy Lafleur
64%
Corey Perry
55%
Pavel Bure
50%
Vincent Lecavalier
48%
Alexander Mogilny
47%
Jarome Iginla
47%
Rick Nash
45%
Jean Beliveau
44%
Jonathan Cheechoo
44%
Ilya Kovalchuk
36%
Howie Morenz
32%
Joe Malone
27%
Reggie Leach
27%
Steve Shutt
26%
Ted Lindsay
26%
Keith Tkachuk
24%
Milan Hejduk
24%
Bernie Geoffrion
23%
Blaine Stoughton
20%
Charlie Conacher
20%
Roy Conacher
20%
Charlie Simmer
18%
Peter Bondra
18%
Dickie Moore
12%
Sid Abel
12%
Newsy Lalonde
11%
Cy Denneny
9%
Danny Gare
9%
Gaye Stewart
9%
Nels Stewart
9%
Babe Dye
8%
Bill Cook
8%
Bill Cook
8%
Bryan Hextall
8%
Cooney Weiland
8%
Norm Ullman
8%
Punch Broadbent
8%
Ace Bailey
6%
Bronco Horvath
6%
Doug Bentley
6%
Gordie Drillon
5%
Lynn Patrick
5%
Larry Aurie
3%
Odie Cleghorn
3%
Bill Thoms
2%

Score Distribution

Percentile by Number Answered

Percent of People with Each Score

Your Score History

You have not taken this quiz since the last reset